Programa Centroamericano de Ciencias de la Salud: surgimiento, evolución y perspectivas
Describe el origen, los objetivos, el desarrollo y las perspectivas del programa centroamericano de ciencias de la salud de la confederación universitaria centroamericana (CSUCA) - ubica los antecedentes del programa en la década de 1960, cuando se hizo evidente la necesidad de proporcionar cambios...
Bewaard in:
| Coauteur: | |
|---|---|
| Formaat: | Texto |
| Gepubliceerd in: |
San José:
CSUCA
|
| Tags: |
Voeg label toe
Geen labels, Wees de eerste die dit record labelt!
|
MARC
| LEADER | 00000 a a2200000 04500 | ||
|---|---|---|---|
| 001 | 20747 | ||
| 003 | |||
| 040 | |||
| 090 | |a 088300 | ||
| 110 | |a CSUCA. Programa Centroamericano de Ciencias de la Salud | ||
| 245 | |a Programa Centroamericano de Ciencias de la Salud: surgimiento, evolución y perspectivas | ||
| 260 | |a San José: |b CSUCA | ||
| 300 | |a 19 p. | ||
| 520 | |a Describe el origen, los objetivos, el desarrollo y las perspectivas del programa centroamericano de ciencias de la salud de la confederación universitaria centroamericana (CSUCA) - ubica los antecedentes del programa en la década de 1960, cuando se hizo evidente la necesidad de proporcionar cambios en los servicios de salud y en la formación de recursos humanos en este campo, de acuerdo con las demandas reales de la sociedad centroamericana. Define sus áreas de trabajo (materno - infantil, salud ocupacional, salud mental, ecología humana y sistemas de salud) y plantea justificación. Determina los objetivos generales del programa referentes a las áreas problema (docencia, investigación y acción social, y divulgación). Señala los proyectos que se estan desarrollando | ||
| 999 | |c 5390 |d 5390 | ||
